Vzdelanie žien a časovanie rodenia detí na Slovensku v priestorovej perspektíve
Vplyv medzigeneračnej vzdelanostnej transformácie na predlžovanie obdobia bezdetnosti, odkladanie rodenia druhých či ďalších detí a celkové vekové nastavenie procesu plodnosti na Slovensku. Rozdiely vo vybraných aspektoch časovania plodnosti v rámci jednotlivých vzdelanostných stupňov a vývoj existu...
Uložené v:
| Hlavný autor: | |
|---|---|
| Ďalší autori: | |
| Médium: | Kapitola |
| Jazyk: | Slovak English |
| Predmet: | |
| Tagy: |
Žiadne tagy, Buďte prvý, kto otaguje tento záznam!
|
MARC
| LEADER | 00000naa a2200000 4500 | ||
|---|---|---|---|
| 001 | 0277821 | ||
| 005 | 20210812225823.4 | ||
| 041 | 0 | |a slo | |
| 041 | 0 | |a eng | |
| 044 | |a SK | ||
| 245 | 1 | 0 | |a Vzdelanie žien a časovanie rodenia detí na Slovensku v priestorovej perspektíve |c Branislav Šprocha, Vladimír Bačík |
| 520 | |a Vplyv medzigeneračnej vzdelanostnej transformácie na predlžovanie obdobia bezdetnosti, odkladanie rodenia druhých či ďalších detí a celkové vekové nastavenie procesu plodnosti na Slovensku. Rozdiely vo vybraných aspektoch časovania plodnosti v rámci jednotlivých vzdelanostných stupňov a vývoj existujúcich rozdielov medzi vzdelanostnými stupňami v čase a priestore. Analýza prepojenia dĺžky štúdia a dosiahnutého vzdelania s časovaním rodenia detí aj na národnej úrovni, avšak najmä v kontexte regionálnej dimenzie a identifikácii regionálnych diferencií. Priemerný vek žien pri narodení prvého dieťaťa v okresoch Slovenska podľa dosiahnutého vzdelania matiek v období rokov 1992 – 1996 a 2015 – 2019 podľa údajov Štatistického úradu SR. | ||
| 610 | 2 | 0 | |a reprodukcia obyvateľstva |
| 610 | 2 | 0 | |a plodnosť |
| 610 | 2 | 0 | |a žena a rodina |
| 610 | 2 | 0 | |a úroveň vzdelanostná |
| 610 | 2 | 0 | |a rozdiely regionálne |
| 610 | 2 | 0 | |a diferenciácia regionálna |
| 610 | 2 | 0 | |a údaje štatistické |
| 610 | 2 | 0 | |a okresy |
| 610 | 2 | 0 | |a Slovensko |
| 100 | 1 | |a Šprocha, Branislav | |
| 700 | 1 | |a Bačík, Vladimír | |